000 00473 a2200157 4500
003 OSt
005 20231218122328.0
008 231218b |||||||| |||| 00| 0 eng d
020 _a8170550785
040 _coclc
082 _a891.433
_bCHO/T
100 _aChoudhary, Rajkamal
_910160
245 _aTAASH KE PATTON KA SHAHAR /
_cRajkamal Choudhary
260 _aNew Delhi:
_bVani Prakashan,
_c2001.
942 _2ddc
_cBK
_h891.433
_iCHO/T
_k891.433
_mCHO/T
999 _c43460
_d43460